000 02435nam0a2200421 4500
001 RU\NLR\BIBL_A\012413687
005 20201216125623.0
010 _a978-5-7247-1039-8
_9100
021 _aRU
_bКН-П-20-048007
_9КН-П-20-3639
035 _a(NLR Aleph) 012413687
035 _a(RuMoRGB)010401204
090 _a11788522
_c11788522
100 _a20201201d2020 u y0rusy50 ca
101 0 _arus
102 _aRU
105 _ay|||j|||000zy
181 0 _ai
_baxxe
182 0 _an
200 1 _aСемейное право
_eкурс лекций
_f[Э.Х. Рахимов, канд. юрид. наук, доц., Е.В. Пономарева, канд. юрид. наук, П.В. Надтачаев, канд. юрид. наук, доц. и др.]
_gФедеральное государственное казенное образовательное учреждение высшего образования "Уфимский юридический институт Министерства внутренних дел Российской Федерации"
203 _aТекст
_bвизуальный
_cнепосредственный
210 _aУфа
_cРедакционно-издательский отдел Уфимского юридического института МВД России
_d2020
215 _a111 с.
_d21
300 _aАвт. указаны на обороте тит. л.
320 _aБиблиогр.: с. 110-111 и в подстроч. примеч.
606 1 _aСемейное право
_yРоссийская Федерация
_jУчебные издания для высших учебных заведений
_2nlr_sh1
_2nlr_sh2
_3RU\NLR\AUTH\661262178
686 1 _aХ624я73
701 1 _aРахимов
_bЭ. Х.
_f1981-
_gЭльдар Харисович
_3RU\NLR\AUTH\770224297
701 1 _aПономарева
_bЕ. В.
_cканд. юрид. наук, гражданское право
_gЕкатерина Владимировна
_3RU\NLR\AUTH\770224293
701 1 _aНадтачаев
_bП. В.
_gПавел Валерьевич
712 0 2 _aУфимский юридический институт
_3RU\NLR\AUTH\889963970
_4475
942 _cBOOK
980 _aNBR
980 _aNB